O čom nehovorí kniha Maďari na Slovensku Pál Csáky sa domnieva, že... (1)

Bibliographic Details
Main Author: Fábry, Viliam, 1929- (Author)
Format: Article
Language:Slovak
Subjects:

MARC

LEADER 00000nab a2200000 a 4500
001 vtls000723953
003 SK-MaSNL
005 20260302195957.0
008 160405c1999 xo 0 slo
015 |a SNBRB2000/06-15339 
035 |a CLN000076118 
040 |a SNKBUCL  |b slo  |c SNKBUCL  |e AACR2 
041 0 |a slo 
044 |a xo  |c SK 
080 |a 323.15(437.6=945.11):32.019.51:08  |2 1997 
080 |a 32.019.51:08(437.6=945.11)  |2 1997 
100 1 |a Fábry, Viliam,  |d 1929-  |4 aut  |9 206654 
245 1 0 |a O čom nehovorí kniha Maďari na Slovensku  |b Pál Csáky sa domnieva, že...  |n (1)  |c Viliam Fábry 
300 |b Obr. 
500 |a Pokračovanie v budúcom čísle 
600 1 7 |a Csáky, Pál,  |d 1956-  |t Maďari na Slovensku  |x analýzy  |2 snkbucl  |9 18523 
650 0 7 |a Maďari  |z Slovensko  |x postavenie  |x propaganda  |2 snkbucl  |9 917527 
655 7 |a články z novín a časopisov  |2 snkbucl  |9 267496 
773 0 |t Extra  |g Roč. 8, č. 41 (1999), s. 6 
850 |a Slovenská národná knižnica v Martine 
852 |a SNK  |b KIS3GCP 
958 |a SK 
958 |a HU 
958 |a RBX 
999 |c 1454708  |d 1456638